[Event "Saint Louis op 4th"]
[Site "Saint Louis"]
[Date "2013.11.30"]
[Round "1"]
[White "Gaul, Thomas J"]
[Black "Stuart, Zach W"]
[Result "0-1"]
[WhiteElo "1998"]
[BlackElo "2008"]
[PlyCount "93"]
[EventDate "2013.11.30"]
[EventType "swiss"]
[EventRounds "5"]
[EventCountry "USA"]
[SourceTitle "CBM 157 Extra"]
[Source "ChessBase"]
[SourceDate "2013.12.19"]
[SourceVersion "1"]
[SourceVersionDate "2013.12.19"]
[SourceQuality "1"]

1. Nf3 Nc6 2. b3 e5 3. Bb2 e4 4. Nd4 Qf6 5. e3 Bc5 6. c3 Ne5 7. f4 Nc6 8. Nxc6 dxc6 9. Na3 Bf5 10. b4 Be7 11. Nc4 0-0-0 12. Qa4 Kb8 13. Ne5 Nh6 14. c4 Qe6 15. Bd4 Rxd4 16. exd4 f6 17. Nxc6+ Qxc6 18. Qxc6 bxc6 19. h3 Rd8 20. g4 Bc8 21. d5 cxd5 22. c5 g6 23. Bb5 Bf8 24. 0-0-0 d4 25. Bc6 Bb7 26. Bxb7 Kxb7 27. Kc2 Kc6 28. Kb3 Kd5 29. Rhe1 Rb8 30. Rc1 c6 31. a3 Be7 32. d3 e3 33. Rc4 Bd8 34. Kc2 Bc7 35. Rf1 Re8 36. Kb3 f5 37. g5 Nf7 38. a4 a6 39. Rc2 Nd8 40. b5 axb5 41. axb5 cxb5 42. Kb4 Ne6 43. c6 Rb8 44. Ra1 Bd6+ 45. Kb3 Nc5+ 46. Rxc5+ Kxc5 47. h4 0-1

[Event "Saint Louis op 4th"]
[Site "Saint Louis"]
[Date "2013.11.30"]
[Round "3"]
[White "Ghatti, Sanjay"]
[Black "Stuart, Zach W"]
[Result "1-0"]
[WhiteElo "1893"]
[BlackElo "2008"]
[PlyCount "85"]
[EventDate "2013.11.30"]
[EventType "swiss"]
[EventRounds "5"]
[EventCountry "USA"]
[SourceTitle "CBM 157 Extra"]
[Source "ChessBase"]
[SourceDate "2013.12.19"]
[SourceVersion "1"]
[SourceVersionDate "2013.12.19"]
[SourceQuality "1"]

1. e4 e5 2. Nf3 Nc6 3. Bb5 a6 4. Ba4 Nf6 5. d3 b5 6. Bb3 Bc5 7. 0-0 h6 8. Be3 d6 9. Bxc5 dxc5 10. a4 Bg4 11. axb5 axb5 12. Rxa8 Qxa8 13. Nc3 Qb7 14. h3 Bh5 15. g4 Bg6 16. Nd5 Nd7 17. Nh4 Bh7 18. c3 0-0 19. Nf5 Bxf5 20. gxf5 Na5 21. Ba2 c6 22. Ne3 Nf6 23. b4 Rd8 24. bxa5 c4 25. Qb1 cxd3 26. Rd1 Qd7 27. Qb4 c5 28. Qxc5 Nxe4 29. Qxe5 Ng5 30. Bd5 Re8 31. Qg3 Rxe3 32. Qxe3 Qxd5 33. Rxd3 Qxf5 34. a6 Qc8 35. a7 g6 36. Qd4 Ne6 37. Qd7 Qa8 38. Rd6 h5 39. Rxe6 fxe6 40. Qc7 Qe4 41. Qb8+ Kh7 42. a8Q Qf5 43. Qh8# 1-0

[Event "USA tt"]
[Site "ICC INT"]
[Date "2013.09.03"]
[Round "2"]
[White "Mederos, Dennis"]
[Black "Stuart, Zach W"]
[Result "1/2-1/2"]
[WhiteElo "2155"]
[BlackElo "2003"]
[PlyCount "108"]
[EventDate "2013.08.27"]
[EventType "team-tourn"]
[EventRounds "10"]
[EventCountry "USA"]
[SourceTitle "CBM 156 Extra"]
[Source "ChessBase"]
[SourceDate "2013.10.22"]
[SourceVersion "1"]
[SourceVersionDate "2013.10.22"]
[SourceQuality "1"]
[WhiteTeam "Miami"]
[BlackTeam "St Louis"]
[WhiteTeamCountry "USA"]
[BlackTeamCountry "USA"]

1. d4 d5 2. Nf3 Nc6 3. Bf4 Bg4 4. e3 e6 5. Be2 Nf6 6. Nbd2 Bd6 7. c3 0-0 8. Ne5 Bxe5 9. Bxg4 Bxf4 10. exf4 Qd6 11. g3 Nxg4 12. Qxg4 f6 13. Nf3 e5 14. 0-0 exd4 15. cxd4 Rfe8 16. Rad1 Re4 17. Nh4 Rae8 18. Nf5 Qf8 19. Ne3 Qf7 20. Qf5 Rd8 21. Nc2 Qg6 22. Qxg6 hxg6 23. Rfe1 Rde8 24. Kf1 Kf7 25. f3 Rxe1+ 26. Rxe1 Rxe1+ 27. Kxe1 Ke6 28. Kd2 Kd6 29. Kc3 Ne7 30. b4 a6 31. Ne3 b6 32. a4 c5 33. b5 axb5 34. axb5 c4 35. h4 Nf5 36. Nxf5+ gxf5 37. Kd2 Ke6 38. Ke3 Kf7 39. Kd2 Kg6 40. Ke2 Kh5 41. Ke3 g5 42. hxg5 fxg5 43. fxg5 Kxg5 44. Ke2 Kh5 45. Ke3 Kg6 46. Kf4 Kf6 47. Ke3 Kg5 48. Ke2 Kf6 49. Ke3 Kg6 50. Kf4 Kh5 51. Ke3 Kg5 52. Ke2 f4 53. g4 Kh4 54. Kd2 Kg5 1/2-1/2